Założenia budowy specjalnych narzędzi ściernych / (Rekord nr 1974)
| 000 -ETYKIETA REKORDU | |
|---|---|
| podpole kontrolne o stałej długości | 01849nam a2200253 i 4500 |
| 001 - NUMER KONTROLNY REKORDU | |
| podpole kontrolne | BPP |
| 003 - IDENTYFIKATOR NUMERU KONTROLNEGO REKORDU | |
| podpole kontrolne | BPK |
| 005 - DATA OSTATNIEJ MODYFIKACJI REKORDU | |
| podpole kontrolne | 20171115102818.0 |
| 008 - POLE O STAŁEJ DŁUGOŚCI - DANE KONTROLNE | |
| podpole kontrolne o stałej długości | 140610s1987 pl f |000 0 pol |
| 040 ## - ŹRÓDŁO KATALOGOWANIA | |
| Instytucja, która utworzyła rekord | BPK |
| 080 ## - UNIWERSALNA KLASYFIKACJA DZIESIĘTNA - UKD | |
| UKD | 621.922/.924 |
| 100 ## - NAZWA OSOBOWA | |
| Nazwa osobowa | BORKOWSKI, Józef. |
| Lata pracy | 1975 - 1996. |
| Instytucja | Wyższa Szkoła Inżynierska w Koszalinie - Wydział Mechaniczny, |
| Wydział | Zakład Technologii Maszyn |
| 245 ## - TYTUŁ/ODPOWIEDZIALNOŚĆ | |
| Tytuł | Założenia budowy specjalnych narzędzi ściernych / |
| Pozostałe elementy strefy tytułu i oznaczenia odpowiedzialności | Józef Borkowski, Zbigniew Budniak, Leon Charkiewicz, Władysław Husejko, Grzegorz Jurkowski, Jan Markul. |
| 260 ## - STREFA ADRESU WYDAWNICZEGO | |
| Miejsce wydania | Koszalin, |
| Data publikacji, dystrybucji/powstania dokumentu | 1987. |
| 500 ## - UWAGI OGÓLNE | |
| Tekst uwagi | Dane z autopsji. |
| 520 ## - UWAGA DOTYCZĄCA TREŚCI DOKUMENTU | |
| Analiza dokumentacyjna, adnotacja itp. | Głównym celem prac jest przeprowadzenie badań jakości ziarn ściernych o różnych kształtach dla określenia ich przydatności eksploatacyjnej oraz ustalenia specyficznych cech budowy specjalnych narzędzi ściernych wraz z koncepcjami i uwarunkowaniami budowy modeli takich narzędzi, a także technologicznymi podstawami wytwarzania takich narzędzi umożliwiającymi ich laboratoryjne wykonanie. |
| 650 #0 - HASŁO PRZEDMIOTOWE W FORMIE NAZWY OGÓLNEJ LUB JEDNOSTKOWEJ | |
| Nazwa ogólna lub geograficzna | Szlifowanie - narzędzia i maszyny. |
| 700 ## - HASŁO DODATKOWE - NAZWA OSOBOWA | |
| Nazwa osobowa | HUSEJKO, Władysław. |
| Lata pracy | 1974 - 1996. |
| Instytucja | Wyższa Szkoła Inżynierska - Wydział Mechaniczny, |
| Wydział | Zakład Mechaniki Technicznej |
| 700 ## - HASŁO DODATKOWE - NAZWA OSOBOWA | |
| Nazwa osobowa | JURKOWSKI, Grzegorz. |
| Lata pracy | 1975 - 1996. |
| Instytucja | Wyższa Szkoła Inżynierska w Koszalinie - Wydział Mechaniczny, |
| Wydział | Zakład Technologii Maszyn |
| 700 ## - HASŁO DODATKOWE - NAZWA OSOBOWA | |
| Nazwa osobowa | MARKUL, Jan. |
| Lata pracy | 1972 - 1996. |
| Instytucja | Wyższa Szkoła Inżynierska w Koszalinie - Wydział Mechaniczny, |
| Wydział | Zakład Technologii Maszyn |
| 700 ## - HASŁO DODATKOWE - NAZWA OSOBOWA | |
| Nazwa osobowa | BUDNIAK, Zbigniew. |
| Lata pracy | 1977 - 1996. |
| Instytucja | Wyższa Szkoła Inżynierska w Koszalinie - Wydział Mechaniczny, |
| Wydział | Zakład Technologii Maszyn |
| 700 ## - HASŁO DODATKOWE - NAZWA OSOBOWA | |
| Nazwa osobowa | CHARKIEWICZ, Leon. |
| Lata pracy | 1978 - 1996. |
| Instytucja | Wyższa Szkoła Inżynierska w Koszalinie - Wydział Mechaniczny, |
| Wydział | Zakład Mechaniki Technicznej |
| 942 ## - HASŁO DODATKOWE - ELEMENTY(KOHA) | |
| Typ dokumentu | Materiały nieopublikowane |
| Schemat klasyfikacji | Uniwersalna klasyfikacja dziesiętna |
| Wycofany | Zagubiony | Uszkodzony | Dostępność | Lokalizacja stała | Lokalizacja bieżąca | Sygnatura | Typ dokumentu |
|---|---|---|---|---|---|---|---|
| Dostępny | Bibliografia Prac Pracowników - BPK | Bibliografia Prac Pracowników - BPK | NB-195/II | Materiały nieopublikowane |
